[Event "54th POL-ch"]
[Site "Sopot POL"]
[Date "1997.03.??"]
[Round "9"]
[White "Grabarczyk, Miroslaw"]
[Black "Pedzich, Dominik"]
[Result "1/2-1/2"]
[WhiteElo "2480"]
[BlackElo "2465"]
[EventDate "1997.03.18"]
[PlyCount "61"]

1.d4 Nf6 2.c4 g6 3.g3 c6 4.Bg2 d5 5.b3 Bg7 6.Nf3 Ne4 7.O-O O-O 8.Bb2 a5 9.
Nc3 a4 10.Nxe4 dxe4 11.Ne1 f5 12.e3 Na6 13.f3 Nc5 14.Qc2 axb3 15.axb3 Rxa1
16.Bxa1 f4 17.gxf4 exf3 18.Nxf3 Bf5 19.Qd1 Na6 20.Ne5 Qb6 21.Bc3 g5 22.Kh1
gxf4 23.Rxf4 Bxe5 24.c5 Qb5 25.Bf1 Bxf4 26.exf4 Be4+ 27.Kg1 Bf3 28.Qc2 Be4
29.Qd1 Bf3 30.Qc2 Be4 31.Qd1 1/2-1/2

[Event "54th POL-ch"]
[Site "Sopot POL"]
[Date "1997.03.??"]
[Round "9"]
[White "Kempinski, Robert"]
[Black "Sapis, Witalis"]
[Result "1/2-1/2"]
[WhiteElo "2515"]
[BlackElo "2430"]
[EventDate "1997.03.18"]
[PlyCount "53"]

1.d4 c6 2.c4 d5 3.Nc3 Nf6 4.e3 g6 5.cxd5 cxd5 6.Nge2 Bh6 7.g3 O-O 8.Bg2 e6
9.O-O Nc6 10.e4 Bxc1 11.Rxc1 dxe4 12.Nxe4 Nxe4 13.Bxe4 Qb6 14.Qd2 Rd8 15.
Rfd1 Nxd4 16.Nxd4 e5 17.Rc4 a5 18.Qc3 Be6 19.Rc5 exd4 20.Rxd4 Rxd4 21.Qxd4
Rd8 22.Qc3 Bh3 23.Rd5 Rc8 24.Qd2 Qb4 25.f3 Qc4 26.Kf2 h5 27.Rd8+ 1/2-1/2

[Event "54th POL-ch"]
[Site "Sopot POL"]
[Date "1997.03.??"]
[Round "9"]
[White "Maciejewski, Miroslaw"]
[Black "Kuczynski, Robert"]
[Result "1/2-1/2"]
[WhiteElo "2355"]
[BlackElo "2500"]
[EventDate "1997.03.18"]
[PlyCount "26"]

1.e4 c5 2.Nf3 d6 3.d4 cxd4 4.Nxd4 Nf6 5.Nc3 a6 6.Bg5 e6 7.f4 Bd7 8.Qe2 h6 
9.Bh4 Be7 10.O-O-O Nc6 11.e5 Nxd4 12.Rxd4 dxe5 13.fxe5 Nd5 1/2-1/2

[Event "54th POL-ch"]
[Site "Sopot POL"]
[Date "1997.03.??"]
[Round "9"]
[White "Urban, Klaudiusz"]
[Black "Myc, Marcin"]
[Result "1/2-1/2"]
[WhiteElo "2490"]
[BlackElo "2335"]
[EventDate "1997.03.18"]
[PlyCount "46"]

1.d4 d5 2.c4 e6 3.g3 Nf6 4.Bg2 dxc4 5.Nf3 Nc6 6.Qa4 Bb4+ 7.Bd2 Nd5 8.Bxb4 
Nxb4 9.O-O Rb8 10.Nc3 a6 11.Ne5 O-O 12.Nxc6 Nxc6 13.Bxc6 bxc6 14.Qxc4 Qd6 
15.Ne4 Qd5 16.Qc2 Qxd4 17.b3 Rb5 18.Rfd1 Qe5 19.Rac1 Rd5 20.Nc3 Rd6 21.Ne4
Rd5 22.Nc3 Rd6 23.Ne4 Rd5 1/2-1/2

[Event "54th POL-ch"]
[Site "Sopot POL"]
[Date "1997.03.??"]
[Round "10"]
[White "Gdanski, Jacek"]
[Black "Urban, Klaudiusz"]
[Result "1/2-1/2"]
[WhiteElo "2485"]
[BlackElo "2490"]
[EventDate "1997.03.18"]
[PlyCount "151"]

1.e4 d5 2.exd5 Nf6 3.d4 Nxd5 4.Nf3 g6 5.Be2 Bg7 6.O-O O-O 7.c4 Nb6 8.Nc3 
c6 9.Bg5 Bg4 10.c5 Nd5 11.Qb3 Nxc3 12.bxc3 b6 13.h3 Be6 14.Bc4 Bxc4 15.
Qxc4 h6 16.Bh4 g5 17.Bg3 Qd5 18.Qe2 Re8 19.c4 Qf5 20.cxb6 axb6 21.Rab1 Nd7
22.Ne5 c5 23.Nxd7 Qxd7 24.d5 Qa7 25.Be5 Bxe5 26.Qxe5 Qxa2 27.Rxb6 Ra6 28.
Rxa6 Qxa6 29.Qe4 e5 30.Rb1 Qd6 31.Qf5 Kg7 32.Rb3 e4 33.h4 Qf6 34.Qxf6+ 
Kxf6 35.Rb6+ Ke5 36.Rxh6 gxh4 37.Rxh4 Kd4 38.f3 f5 39.d6 Rd8 40.fxe4 fxe4 
41.Rh6 Kxc4 42.Kf2 Kd3 43.Rh5 Kd4 44.Rh1 Rxd6 45.Rd1+ Ke5 46.Rc1 Rd2+ 47.
Ke1 Rd5 48.Rc4 Kf5 49.Ke2 Kf4 50.g3+ Kf5 51.Ke1 Re5 52.Ke2 Ke6 53.Rc1 Kd5 
54.Rd1+ Kc4 55.Ke3 Kb3 56.Rb1+ Kc2 57.Rb5 Kc3 58.Kf4 Kd4 59.Rb1 Re8 60.
Rd1+ Kc3 61.Rc1+ Kd4 62.Rd1+ Kc3 63.Rc1+ Kd2 64.Rxc5 e3 65.Rd5+ Kc3 66.
Rc5+ Kd4 67.Rc1 e2 68.Re1 Kd3 69.g4 Kd2 70.Ra1 e1=Q 71.Rxe1 Rxe1 72.g5 Kd3
73.g6 Kd4 74.Kf5 Kd5 75.g7 Rg1 76.Kf6 1/2-1/2

[Event "54th POL-ch"]
[Site "Sopot POL"]
[Date "1997.03.??"]
[Round "10"]
[White "Kuczynski, Robert"]
[Black "Kempinski, Robert"]
[Result "1/2-1/2"]
[WhiteElo "2500"]
[BlackElo "2515"]
[EventDate "1997.03.18"]
[PlyCount "41"]

1.e4 c5 2.Nf3 d6 3.d4 cxd4 4.Nxd4 Nf6 5.Nc3 a6 6.Be2 e6 7.O-O Be7 8.f4 Qc7
9.Kh1 Nc6 10.a4 O-O 11.Be3 Re8 12.Bf3 Na5 13.Bg1 e5 14.Nde2 exf4 15.Nxf4 
Be6 16.Bd4 Nc4 17.Bxf6 Bxf6 18.Ncd5 Qd8 19.Nxe6 Rxe6 20.Bg4 Be5 21.Qf3 
1/2-1/2

[Event "54th POL-ch"]
[Site "Sopot POL"]
[Date "1997.03.??"]
[Round "10"]
[White "Macieja, Bartlomiej"]
[Black "Maciejewski, Miroslaw"]
[Result "1-0"]
[WhiteElo "2465"]
[BlackElo "2355"]
[EventDate "1997.03.18"]
[PlyCount "85"]

1.e4 c5 2.Nf3 d6 3.d4 cxd4 4.Nxd4 Nf6 5.Nc3 a6 6.Bc4 e6 7.Bb3 Nbd7 8.f4 
Nc5 9.Qf3 b5 10.f5 e5 11.Nc6 Qd7 12.Nb4 Be7 13.Bd5 Nxd5 14.Nbxd5 Bh4+ 15.
g3 Bd8 16.Be3 b4 17.Nxb4 Rb8 18.Bxc5 dxc5 19.Rd1 Qb7 20.Nbd5 c4 21.f6 g6 
22.O-O h5 23.Qe3 h4 24.gxh4 Rxh4 25.Kh1 Rh3 26.Qg5 Rh5 27.Qg1 Be6 28.Rd2 
Ba5 29.Qc5 Bd8 30.Rfd1 Bd7 31.Qd6 Bc6 32.Ne2 Rc8 33.Ng3 Rg5 34.h4 Rxg3 35.
Qxe5+ Kf8 36.Qxg3 Ba5 37.Qd6+ Kg8 38.c3 Kh7 39.Qe7 Bxd5 40.Rxd5 Rc7 41.Rd7
Kh6 42.R1d5 Bb6 43.Qf8+ 1-0

[Event "54th POL-ch"]
[Site "Sopot POL"]
[Date "1997.03.??"]
[Round "10"]
[White "Pedzich, Dominik"]
[Black "Jaracz, Pawel"]
[Result "1/2-1/2"]
[WhiteElo "2465"]
[BlackElo "2445"]
[EventDate "1997.03.18"]
[PlyCount "35"]

1.e4 e6 2.d4 c5 3.d5 Nf6 4.Nc3 d6 5.Bb5+ Bd7 6.a4 exd5 7.exd5 Be7 8.Nf3 
O-O 9.h3 Bxb5 10.axb5 Nbd7 11.Bf4 Nb6 12.O-O Ne8 13.Qd3 Nc7 14.Rfd1 Qd7 
15.Nd2 f5 16.Nc4 Nxc4 17.Qxc4 Bf6 18.Re1 1/2-1/2

[Event "54th POL-ch"]
[Site "Sopot POL"]
[Date "1997.03.??"]
[Round "10"]
[White "Sapis, Witalis"]
[Black "Grabarczyk, Bogdan"]
[Result "1/2-1/2"]
[WhiteElo "2430"]
[BlackElo "2460"]
[EventDate "1997.03.18"]
[PlyCount "120"]

1.d4 Nf6 2.c4 g6 3.Nc3 Bg7 4.g3 d6 5.Bg2 O-O 6.Nf3 Nbd7 7.O-O e5 8.b3 Re8 
9.Qc2 c6 10.Rd1 e4 11.Ng5 e3 12.fxe3 Ng4 13.e4 c5 14.Nf3 cxd4 15.Nxd4 Nc5 
16.h3 Nf6 17.b4 Ncd7 18.Ndb5 a5 19.bxa5 Rxa5 20.Bf4 Ne5 21.Nxd6 Rf8 22.
Ncb5 Nh5 23.Kh2 Be6 24.a4 Ra6 25.Nxb7 Qb6 26.N7d6 Nxf4 27.gxf4 Qf2 28.Rf1 
Qh4 29.Ra3 Ng4+ 30.Kg1 Rxd6 31.hxg4 Rc6 32.e5 Rxc4 33.Qd3 Rd8 34.Qg3 Qe7 
35.f5 Bd5 36.f6 Qc5+ 37.Kh2 Bxg2 38.Kxg2 Bf8 39.Rc3 Rd2 40.Rxc4 Qxc4 41.
Nd6 Rxe2+ 42.Rf2 Qd5+ 43.Qf3 Rxf2+ 44.Kxf2 Qxe5 45.Ne4 Qd4+ 46.Qe3 Qxa4 
47.g5 Qd1 48.Qf4 Qh1 49.Qe5 h6 50.gxh6 Bxh6 51.Qe8+ Bf8 52.Ke3 Qh3+ 53.Kd4
Qf5 54.Ke3 Qd5 55.Kf4 Qd3 56.Qc8 Qb5 57.Kg4 Qf1 58.Kg3 Qd3+ 59.Kf4 Qa3 60.
Qe8 Qh3 1/2-1/2

[Event "54th POL-ch"]
[Site "Sopot POL"]
[Date "1997.03.??"]
[Round "10"]
[White "Socko, Bartosz"]
[Black "Grabarczyk, Miroslaw"]
[Result "0-1"]
[WhiteElo "2435"]
[BlackElo "2480"]
[EventDate "1997.03.18"]
[PlyCount "106"]

1.e4 e5 2.Nf3 Nc6 3.d4 exd4 4.Nxd4 Nf6 5.Nxc6 bxc6 6.e5 Qe7 7.Qe2 Nd5 8.c4
Nb6 9.b3 g6 10.Bb2 Bg7 11.Nd2 d6 12.f4 O-O 13.g3 dxe5 14.Bg2 Bg4 15.Qe3 
Rae8 16.O-O exf4 17.Qxe7 Rxe7 18.Bxg7 Kxg7 19.Rxf4 Rd8 20.c5 Nd5 21.Rxg4 
Nf6 22.Re4 Nxe4 23.Nxe4 f5 24.Ng5 h6 25.Nf3 Re2 26.a3 Kf6 27.Re1 Rxe1+ 28.
Nxe1 Rd1 29.Kf2 Rb1 30.b4 Rb3 31.Bxc6 Rxa3 32.Ke2 Ra2+ 33.Ke3 Rxh2 34.Ng2 
g5 35.Kf2 Ke5 36.Bf3 h5 37.c6 Kd4 38.Kg1 Rh3 39.Kf2 Ke5 40.Ne3 h4 41.g4 
fxg4 42.Bg2 Rg3 43.b5 Rxg2+ 44.Kxg2 g3 45.Nc4+ Kd5 46.b6 axb6 47.Nxb6+ 
Kxc6 48.Nc4 Kd5 49.Ne3+ Ke4 50.Nc4 c5 51.Kh3 Kd4 52.Nd2 c4 53.Nf3+ Ke3 0-1

[Event "54th POL-ch"]
[Site "Sopot POL"]
[Date "1997.03.??"]
[Round "11"]
[White "Grabarczyk, Bogdan"]
[Black "Kuczynski, Robert"]
[Result "1-0"]
[WhiteElo "2460"]
[BlackElo "2500"]
[EventDate "1997.03.18"]
[PlyCount "171"]

1.e4 c5 2.Nf3 d6 3.d4 cxd4 4.Nxd4 Nf6 5.Nc3 a6 6.Be3 e5 7.Nb3 Be6 8.Qd2 
Nbd7 9.f4 Qc7 10.f5 Bc4 11.Bxc4 Qxc4 12.Qe2 Rc8 13.Qxc4 Rxc4 14.Na5 Rc7 
15.O-O-O h6 16.Rhe1 Be7 17.Bg1 O-O 18.Re2 b6 19.Nb3 Rfc8 20.Kb1 Rc6 21.Nd2
Kf8 22.Nf1 Rc4 23.Rd3 b5 24.a3 R4c6 25.Nd5 Nxd5 26.exd5 Rc4 27.Ng3 Nf6 28.
b3 R4c7 29.Bb6 Rb7 30.Ba5 Bd8 31.Bb4 Rd7 32.Ne4 Nxe4 33.Rxe4 a5 34.Be1 Bb6
35.c3 Rdc7 36.Bd2 Ra7 37.a4 bxa4 38.Rxa4 Rb7 39.Kc2 Re8 40.Rg3 e4 41.f6 e3
42.fxg7+ Kg8 43.Be1 Bd8 44.Rgg4 f5 45.Rgf4 Rxg7 46.g4 fxg4 47.Rxg4 Bb6 48.
Rxg7+ Kxg7 49.Kd3 Re7 50.Rg4+ Kf6 51.c4 Kf5 52.Rh4 Kg5 53.h3 h5 54.Re4 
Rxe4 55.Kxe4 e2 56.Kf3 Kf5 57.Kxe2 Ke4 58.Bh4 Bc7 59.Bf6 Kf5 60.Be7 Ke4 
61.Kd2 a4 62.Kc3 axb3 63.Kxb3 Ke5 64.Kb4 Bb6 65.Kb5 Bc5 66.Kc6 Ba3 67.Bh4 
Kf4 68.Be7 Ke5 69.Bd8 Bc5 70.Bc7 Ba3 71.h4 Bb4 72.Bb6 Be1 73.Bd8 Bb4 74.
Be7 Bc5 75.Bf8 Bb4 76.Bg7+ Ke4 77.Bb2 Kd3 78.Kb5 Bc5 79.Be5 Ke4 80.Bh2 Bf2
81.Bxd6 Bxh4 82.Bh2 Bg5 83.d6 Kf5 84.c5 Kg4 85.c6 h4 86.c7 1-0

[Event "54th POL-ch"]
[Site "Sopot POL"]
[Date "1997.03.??"]
[Round "11"]
[White "Murdzia, Piotr"]
[Black "Sapis, Witalis"]
[Result "1/2-1/2"]
[WhiteElo "2425"]
[BlackElo "2430"]
[EventDate "1997.03.18"]
[PlyCount "138"]

1.e4 c6 2.Nc3 d5 3.Nf3 Bg4 4.h3 Bxf3 5.Qxf3 Nf6 6.d3 e6 7.Bd2 Bb4 8.e5 
Nfd7 9.Qg3 Bf8 10.f4 h5 11.h4 g6 12.O-O-O Nb6 13.Qh3 Be7 14.Be2 d4 15.Ne4 
Qd5 16.c4 dxc3 17.Nxc3 Qd4 18.g4 Nd5 19.Nxd5 Qxd5 20.gxh5 Qxa2 21.hxg6 
fxg6 22.Bg4 Kd7 23.d4 Rxh4 24.Qg2 Rxh1 25.Qxh1 Na6 26.d5 cxd5 27.Bxe6+ 
Kxe6 28.Qh3+ Kf7 29.Bc3 Ke8 30.Qh8+ Bf8 31.Qf6 Qa1+ 32.Kd2 Qa4 33.e6 Be7 
34.Qf7+ Kd8 35.Rh1 Nc7 36.Rh8+ Ne8 37.Rh7 Bb4 38.Qd7+ Qxd7 39.Rxd7+ Kc8 
40.Bxb4 Nf6 41.Rf7 Ne8 42.Re7 Kd8 43.Rxb7 a5 44.Bc5 Kc8 45.Re7 Kd8 46.Rd7+
Kc8 47.Rxd5 Nf6 48.Rd4 Ra6 49.e7 Re6 50.Rd8+ Kb7 51.Kd3 a4 52.Kc4 Kc6 53.
Bd4 Ne4 54.Ra8 Nd6+ 55.Kd3 Rxe7 56.Ra6+ Kd5 57.Ra5+ Ke6 58.Re5+ Kf7 59.
Rxe7+ Kxe7 60.Bc5 Ke6 61.Bxd6 Kxd6 62.Kc4 Ke6 63.Kb4 Kf5 64.Kxa4 Kxf4 65.
b4 Ke5 66.Ka5 Kd6 67.Ka6 Kc7 68.Ka7 Kc6 69.Ka6 Kc7 1/2-1/2

[Event "54th POL-ch"]
[Site "Sopot POL"]
[Date "1997.03.??"]
[Round "11"]
[White "Urban, Klaudiusz"]
[Black "Pedzich, Dominik"]
[Result "1/2-1/2"]
[WhiteElo "2490"]
[BlackElo "2465"]
[EventDate "1997.03.18"]
[PlyCount "93"]

1.d4 d6 2.e4 e5 3.dxe5 dxe5 4.Qxd8+ Kxd8 5.Bc4 Be6 6.Bxe6 fxe6 7.Be3 Nf6 
8.f3 Bb4+ 9.Ke2 Nbd7 10.Nh3 Ke7 11.Nf2 Bc5 12.Nd2 a6 13.Bxc5+ Nxc5 14.Nc4 
Nfd7 15.Ng4 Na4 16.b3 Nc3+ 17.Kd2 Nb5 18.c3 Rad8 19.Kc2 Rhf8 20.Rad1 Nd6 
21.Ncxe5 Nf6 22.Rd2 Nxg4 23.Nxg4 Nf7 24.Rxd8 Rxd8 25.Rd1 Rg8 26.Kd2 h5 27.
Nf2 g5 28.Ke3 Ne5 29.Rd2 b5 30.Nd3 Nd7 31.Nb4 Nb8 32.Nd3 Nd7 33.g3 c5 34.
Nf2 Ne5 35.Rd1 Nd7 36.Rd2 c4 37.Rd1 Rc8 38.b4 Nb6 39.Rd2 Na4 40.Nd1 Rg8 
41.e5 a5 42.a3 axb4 43.axb4 h4 44.Rd6 hxg3 45.hxg3 Rh8 46.f4 Rh3 47.Kf3 
1/2-1/2

[Event "54th POL-ch"]
[Site "Sopot POL"]
[Date "1997.03.??"]
[Round "12"]
[White "Kuczynski, Robert"]
[Black "Murdzia, Piotr"]
[Result "1-0"]
[WhiteElo "2500"]
[BlackElo "2425"]
[EventDate "1997.03.18"]
[PlyCount "91"]

1.e4 e5 2.Nf3 Nc6 3.Bb5 a6 4.Ba4 Nf6 5.O-O Be7 6.Re1 b5 7.Bb3 d6 8.c3 O-O 
9.d3 Na5 10.Bc2 c5 11.Nbd2 Re8 12.Nf1 h6 13.Ng3 Bf8 14.d4 cxd4 15.cxd4 Nc6
16.d5 Nb4 17.Bb1 a5 18.a3 Na6 19.b4 Bd7 20.Bd2 a4 21.Bd3 Qb6 22.Qe2 Rec8 
23.Rec1 g6 24.h3 Nc7 25.Nh2 Nce8 26.Be3 Qb7 27.Qd2 h5 28.Rxc8 Rxc8 29.Rc1 
Rxc1+ 30.Qxc1 Bg7 31.Ne2 Nxd5 32.exd5 Qxd5 33.Bb1 Be6 34.Nf1 f5 35.Bh6 Bf6
36.Bg5 Bg7 37.Bh6 Bf6 38.Bg5 Bg7 39.Ne3 Qb7 40.Qd2 f4 41.Ba2 Qf7 42.Bxe6 
Qxe6 43.Nd5 f3 44.gxf3 Qxh3 45.Qd3 Kh7 46.Nec3 1-0

[Event "54th POL-ch"]
[Site "Sopot POL"]
[Date "1997.03.??"]
[Round "12"]
[White "Macieja, Bartlomiej"]
[Black "Grabarczyk, Bogdan"]
[Result "1-0"]
[WhiteElo "2465"]
[BlackElo "2460"]
[EventDate "1997.03.18"]
[PlyCount "103"]

1.e4 c5 2.Nf3 d6 3.d4 cxd4 4.Nxd4 Nf6 5.Nc3 g6 6.Be3 Bg7 7.f3 Nc6 8.Qd2 
Bd7 9.O-O-O Rc8 10.g4 O-O 11.h4 Qa5 12.Kb1 Ne5 13.Be2 Rxc3 14.Qxc3 Qxc3 
15.bxc3 Rc8 16.Nb3 Be6 17.Bxa7 Nfd7 18.Bd4 Nc5 19.Nxc5 dxc5 20.Bxe5 Bxe5 
21.Bb5 Bxc3 22.Bd7 Rc7 23.Bxe6 fxe6 24.Rd3 Be5 25.Rhd1 Rc6 26.Rb3 b6 27.
Rd8+ Kg7 28.Ra3 Bg3 29.Raa8 Bxh4 30.Rac8 Rxc8 31.Rxc8 h5 32.gxh5 gxh5 33.
Kc1 Bf6 34.Kd2 h4 35.Ke3 Bc3 36.Kf4 Bd2+ 37.Kg4 Kf6 38.f4 h3 39.Rh8 e5 40.
f5 e6 41.Rxh3 exf5+ 42.exf5 e4 43.Rh2 Bc1 44.Rh8 Ke5 45.Re8+ Kd4 46.f6 c4 
47.f7 Ba3 48.Kf4 Kc3 49.Kxe4 Kxc2 50.f8=Q Bxf8 51.Rxf8 c3 52.Rf2+ 1-0

[Event "54th POL-ch"]
[Site "Sopot POL"]
[Date "1997.03.??"]
[Round "12"]
[White "Myc, Marcin"]
[Black "Kempinski, Robert"]
[Result "0-1"]
[WhiteElo "2335"]
[BlackElo "2515"]
[EventDate "1997.03.18"]
[PlyCount "104"]

1.d4 Nf6 2.c4 g6 3.Nc3 Bg7 4.e4 O-O 5.Bd3 d6 6.Nge2 Na6 7.Ng3 e5 8.d5 c6 
9.O-O cxd5 10.cxd5 Nc5 11.Bc2 a5 12.h3 Bd7 13.Qe2 a4 14.Rb1 Qb6 15.Be3 Qa6
16.Qxa6 Rxa6 17.b4 axb3 18.axb3 Rc8 19.Nge2 Raa8 20.f3 Nh5 21.b4 Na4 22.
Bxa4 Bxa4 23.Nxa4 Rxa4 24.Rfc1 Rxc1+ 25.Bxc1 f5 26.Nc3 Ra8 27.Nb5 Ra6 28.
Bb2 fxe4 29.fxe4 Rb6 30.Nc3 Rxb4 31.Ba3 Rxb1+ 32.Nxb1 Bf8 33.Nc3 Nf6 34.
Kf2 Kf7 35.Ke3 Ke7 36.Nb5 Kd7 37.g4 Ne8 38.Kd3 Be7 39.Kc4 Nf6 40.Nc3 Bd8 
41.Kd3 h5 42.g5 Ne8 43.Bc1 Ba5 44.Kc4 Nc7 45.Be3 Na6 46.Ne2 Bb4 47.Bc1 Bc5
48.Bd2 Bf2 49.Nc3 Nc5 50.Bc1 Be1 51.Ba3 Bxc3 52.Bxc5 Bd2 0-1

[Event "54th POL-ch"]
[Site "Sopot POL"]
[Date "1997.03.??"]
[Round "13"]
[White "Grabarczyk, Bogdan"]
[Black "Myc, Marcin"]
[Result "1-0"]
[WhiteElo "2460"]
[BlackElo "2335"]
[EventDate "1997.03.18"]
[PlyCount "73"]

1.e4 c6 2.d3 d5 3.Nd2 g6 4.Ngf3 Bg7 5.g3 dxe4 6.dxe4 Nf6 7.Bg2 O-O 8.O-O 
Na6 9.e5 Nd5 10.a3 Nc5 11.Re1 a5 12.Qe2 Bf5 13.Nf1 Qc8 14.Rd1 Bh3 15.Bh1 
Bg4 16.Rb1 Qf5 17.Re1 Rad8 18.Bd2 b6 19.c4 Nc7 20.Ne3 Qh5 21.Nxg4 Qxg4 22.
Be3 N7e6 23.Rbd1 a4 24.Bg2 Qe4 25.h3 Rxd1 26.Rxd1 Rd8 27.Nd4 Qxe5 28.Nxc6 
Rxd1+ 29.Qxd1 Qd6 30.Qc2 Kf8 31.h4 Nd4 32.Nxd4 Bxd4 33.Bf4 e5 34.Bh6+ Kg8 
35.Bd5 Qf6 36.Kg2 Qf5 37.Qd2 1-0

[Event "54th POL-ch"]
[Site "Sopot POL"]
[Date "1997.03.??"]
[Round "13"]
[White "Murdzia, Piotr"]
[Black "Macieja, Bartlomiej"]
[Result "1/2-1/2"]
[WhiteElo "2425"]
[BlackElo "2465"]
[EventDate "1997.03.18"]
[PlyCount "137"]

1.d4 Nf6 2.Nf3 e6 3.e3 b6 4.Bd3 Bb7 5.O-O c5 6.Nbd2 Nc6 7.c4 Be7 8.b3 cxd4
9.exd4 d5 10.Bb2 O-O 11.Rc1 Rc8 12.Qe2 Qd6 13.Bb1 Rfd8 14.Rfe1 Qf4 15.a3 
dxc4 16.bxc4 Bd6 17.d5 exd5 18.cxd5 Nxd5 19.Rc4 Ba6 20.Rxf4 Bxe2 21.Rh4 
Be7 22.Rh3 Nf4 23.Rxh7 Bf6 24.Bxf6 gxf6 25.Rh4 Bxf3 26.Nxf3 Nd3 27.Bxd3 
Rxd3 28.Rc4 Ne7 29.Ra4 Rc7 30.h4 Kg7 31.Rae4 Ng6 32.a4 f5 33.Rb4 Rdc3 34.
h5 Nf8 35.Nd4 Kf6 36.Re8 Rc8 37.Rxc8 Rxc8 38.Nb5 a5 39.Rd4 Ne6 40.Rd7 Rc1+
41.Kh2 Rc2 42.Nd6 Ng5 43.Ne8+ Ke5 44.Rd3 Rxf2 45.Rg3 f6 46.Rb3 f4 47.Rb5+ 
Ke6 48.Rxb6+ Kf5 49.Rb5+ Ke6 50.Kg1 Rc2 51.Rxa5 Rc1+ 52.Kh2 Rc2 53.Kg1 
Rc1+ 54.Kf2 Rc2+ 55.Kf1 Rc1+ 56.Ke2 Rc2+ 57.Kd3 Rxg2 58.Ra6+ Ke5 59.Nxf6 
f3 60.Nd7+ Kf4 61.Rf6+ Kg3 62.Ne5 f2 63.Ke3 Rh2 64.Nd3 Rh4 65.Nxf2 Rxa4 
66.h6 Kh4 67.h7 Nxh7 68.Rh6+ Kg5 69.Rxh7 1/2-1/2

[Event "54th POL-ch"]
[Site "Sopot POL"]
[Date "1997.03.??"]
[Round "13"]
[White "Sapis, Witalis"]
[Black "Kuczynski, Robert"]
[Result "1/2-1/2"]
[WhiteElo "2430"]
[BlackElo "2500"]
[EventDate "1997.03.18"]
[PlyCount "20"]

1.d4 d5 2.c4 c6 3.cxd5 cxd5 4.Nc3 Nf6 5.Bf4 Nc6 6.e3 a6 7.Bd3 Bg4 8.f3 Bd7
9.Nge2 e6 10.Bg3 Be7 1/2-1/2

[Event "54th POL-ch"]
[Site "Sopot POL"]
[Date "1997.03.??"]
[Round "14"]
[White "Gdanski, Jacek"]
[Black "Grabarczyk, Bogdan"]
[Result "1-0"]
[WhiteElo "2485"]
[BlackElo "2460"]
[EventDate "1997.03.18"]
[PlyCount "63"]

1.e4 e5 2.Nf3 Nc6 3.Bb5 a6 4.Ba4 Nf6 5.O-O Nxe4 6.d4 b5 7.Bb3 Be7 8.Qe2 d5
9.dxe5 Na5 10.Rd1 Be6 11.Nbd2 Nxd2 12.Bxd2 Nxb3 13.axb3 c5 14.Rxa6 O-O 15.
Qxb5 Bg4 16.Rda1 Rb8 17.Qe2 c4 18.h3 Bh5 19.Qe3 cxb3 20.cxb3 Bxf3 21.Qxf3 
d4 22.Rd1 Qc7 23.Rc6 Qb7 24.Bf4 Qa7 25.e6 Rb7 26.Be5 fxe6 27.Qg4 Bc5 28.
Qxe6+ Kh8 29.Qd5 Bb6 30.Bxd4 Rd7 31.Rd6 Rfd8 32.Bxb6 1-0

[Event "54th POL-ch"]
[Site "Sopot POL"]
[Date "1997.03.??"]
[Round "14"]
[White "Jaracz, Pawel"]
[Black "Urban, Klaudiusz"]
[Result "1/2-1/2"]
[WhiteElo "2445"]
[BlackElo "2490"]
[EventDate "1997.03.18"]
[PlyCount "30"]

1.e4 d5 2.exd5 Nf6 3.d4 Nxd5 4.g3 g6 5.Bg2 Bg7 6.Nf3 O-O 7.O-O Nd7 8.Re1 
c5 9.Ne5 Nxe5 10.dxe5 Be6 11.c3 Qd7 12.Nd2 Rfd8 13.Qe2 Rac8 14.f4 Bh3 15.
Bf3 Be6 1/2-1/2

[Event "54th POL-ch"]
[Site "Sopot POL"]
[Date "1997.03.??"]
[Round "14"]
[White "Macieja, Bartlomiej"]
[Black "Sapis, Witalis"]
[Result "1/2-1/2"]
[WhiteElo "2465"]
[BlackElo "2430"]
[EventDate "1997.03.18"]
[PlyCount "61"]

1.e4 c6 2.d4 d5 3.Nc3 g6 4.h3 Bg7 5.Nf3 dxe4 6.Nxe4 Nd7 7.Bc4 Ngf6 8.Nxf6+
Nxf6 9.O-O O-O 10.Re1 Nd5 11.Bg5 Be6 12.Qd2 Nc7 13.Bb3 Re8 14.c4 b5 15.
Rac1 a5 16.a4 bxc4 17.Bxc4 Bxc4 18.Rxc4 Ne6 19.Bh6 Qd5 20.Rec1 Bh8 21.Be3 
Rec8 22.b4 axb4 23.Qxb4 Bf6 24.R4c2 h5 25.Qc4 Qxc4 26.Rxc4 Rd8 27.Rb1 Ra6 
28.g4 hxg4 29.hxg4 g5 30.Rbb4 Rda8 31.Kg2 1/2-1/2

[Event "54th POL-ch"]
[Site "Sopot POL"]
[Date "1997.03.??"]
[Round "14"]
[White "Myc, Marcin"]
[Black "Murdzia, Piotr"]
[Result "0-1"]
[WhiteElo "2335"]
[BlackElo "2425"]
[EventDate "1997.03.18"]
[PlyCount "74"]

1.d4 Nf6 2.c4 e6 3.Nc3 d5 4.cxd5 exd5 5.Bg5 c6 6.Qc2 Be7 7.e3 O-O 8.Bd3 
Nbd7 9.Nf3 Re8 10.O-O Nf8 11.Ne5 Ng4 12.Bxe7 Qxe7 13.Nxg4 Bxg4 14.Rae1 Bh5
15.f4 Rac8 16.Qf2 f6 17.f5 Bf7 18.Qf4 Kh8 19.g4 a6 20.h4 c5 21.g5 b5 22.e4
cxd4 23.gxf6 gxf6 24.Nxd5 Bxd5 25.exd5 Qc5 26.d6 Nd7 27.Re6 Ne5 28.Rd1 
Rg8+ 29.Kf1 Rcf8 30.Be4 Qc4+ 31.Kf2 d3 32.Rxe5 Qd4+ 33.Kf3 fxe5 34.Qh6 
Qxb2 35.Rd2 Qc1 36.f6 Qf1+ 37.Rf2 Qh3# 0-1

[Event "54th POL-ch"]
[Site "Sopot POL"]
[Date "1997.03.??"]
[Round "14"]
[White "Pedzich, Dominik"]
[Black "Kempinski, Robert"]
[Result "1/2-1/2"]
[WhiteElo "2465"]
[BlackElo "2515"]
[EventDate "1997.03.18"]
[PlyCount "22"]

1.e4 c5 2.Nf3 d6 3.d4 cxd4 4.Nxd4 Nf6 5.Nc3 a6 6.Be2 e6 7.f4 Qc7 8.O-O Be7
9.a4 Nc6 10.Be3 O-O 11.Kh1 Re8 1/2-1/2

[Event "54th POL-ch"]
[Site "Sopot POL"]
[Date "1997.03.??"]
[Round "14"]
[White "Socko, Bartosz"]
[Black "Maciejewski, Miroslaw"]
[Result "1-0"]
[WhiteElo "2435"]
[BlackElo "2355"]
[EventDate "1997.03.18"]
[PlyCount "55"]

1.e4 c5 2.Nf3 d6 3.d4 cxd4 4.Nxd4 Nf6 5.Nc3 a6 6.Be3 e6 7.f3 Be7 8.Qd2 Nc6
9.g4 O-O 10.O-O-O Nxd4 11.Bxd4 b5 12.h4 Bb7 13.g5 Nd7 14.Kb1 Rc8 15.g6 b4 
16.gxh7+ Kh8 17.Nd5 exd5 18.Bxg7+ Kxg7 19.Rg1+ Kxh7 20.Bh3 Ne5 21.Bf5+ Ng6
22.h5 Kg7 23.hxg6 Rg8 24.gxf7+ Kxf7 25.Qh6 Bf6 26.Qh5+ Kf8 27.Rxg8+ Kxg8 
28.Be6+ 1-0

[Event "54th POL-ch"]
[Site "Sopot POL"]
[Date "1997.03.??"]
[Round "15"]
[White "Grabarczyk, Bogdan"]
[Black "Pedzich, Dominik"]
[Result "1/2-1/2"]
[WhiteElo "2460"]
[BlackElo "2465"]
[EventDate "1997.03.18"]
[PlyCount "64"]

1.e4 c5 2.Nf3 Nc6 3.d4 cxd4 4.Nxd4 e5 5.Nb5 a6 6.Nd6+ Bxd6 7.Qxd6 Qf6 8.
Qc7 Nge7 9.Nc3 Nb4 10.Bd3 d5 11.exd5 Nexd5 12.Nxd5 Nxd5 13.Qc5 Be6 14.O-O 
Rc8 15.Qa3 Qe7 16.Qxe7+ Kxe7 17.Bd2 Rhd8 18.Rae1 Nf4 19.Bxf4 exf4 20.Re4 
g5 21.Rb4 b5 22.b3 Rc5 23.Re1 Kf6 24.h4 h6 25.a4 Bf5 26.Bxf5 Kxf5 27.axb5 
axb5 28.c4 bxc4 29.bxc4 Rd4 30.Re7 f6 31.hxg5 hxg5 32.Rb6 Rdxc4 1/2-1/2

[Event "54th POL-ch"]
[Site "Sopot POL"]
[Date "1997.03.??"]
[Round "15"]
[White "Kuczynski, Robert"]
[Black "Macieja, Bartlomiej"]
[Result "1/2-1/2"]
[WhiteElo "2500"]
[BlackElo "2465"]
[EventDate "1997.03.18"]
[PlyCount "105"]

1.e4 c5 2.Nf3 d6 3.d4 Nf6 4.Nc3 cxd4 5.Nxd4 g6 6.Be2 Bg7 7.O-O Nc6 8.Nb3 
O-O 9.Re1 a6 10.Bf1 b5 11.Bg5 Nd7 12.Qc1 Nb6 13.a4 bxa4 14.Nxa4 Nxa4 15.
Rxa4 Qb6 16.Be3 Qb7 17.Bh6 Be6 18.Bxg7 Kxg7 19.Nd2 f6 20.b3 a5 21.Nc4 Qc7 
22.Qd2 Ra7 23.Rea1 Rfa8 24.Ne3 Qb7 25.Be2 Bd7 26.Nd5 Nb4 27.R4a3 Nxd5 28.
exd5 Bb5 29.c4 Be8 30.Bd1 Qb6 31.g3 Qc5 32.h4 h5 33.Qe3 Qb4 34.Bc2 a4 35.
bxa4 Qxc4 36.Rc3 Qb4 37.Rb1 Qa5 38.Qd4 Rc7 39.Rxc7 Qxc7 40.Qd3 Rc8 41.Bb3 
Rb8 42.Re1 Rb7 43.Re4 Qc5 44.Re3 Qa3 45.Qc4 Ra7 46.Kg2 Qc5 47.Qe2 Kg8 48.
Qd2 Kg7 49.Kh2 Kf7 50.Qc3 Qxc3 51.Rxc3 f5 52.Kg2 Kf6 53.f4 1/2-1/2

[Event "54th POL-ch"]
[Site "Sopot POL"]
[Date "1997.03.??"]
[Round "15"]
[White "Murdzia, Piotr"]
[Black "Gdanski, Jacek"]
[Result "0-1"]
[WhiteElo "2425"]
[BlackElo "2485"]
[EventDate "1997.03.18"]
[PlyCount "141"]

1.d4 g6 2.Nf3 Bg7 3.c3 d6 4.e4 Nf6 5.Bd3 O-O 6.O-O Nc6 7.Re1 e5 8.dxe5 
dxe5 9.Qc2 Bg4 10.Nbd2 Nh5 11.h3 Nf4 12.hxg4 Qxd3 13.Qxd3 Nxd3 14.Rd1 Rfd8
15.Nb3 a5 16.a4 Rd6 17.Kf1 Nc5 18.Rxd6 Nxb3 19.Rxc6 bxc6 20.Rb1 Nc5 21.Nd2
Nxa4 22.Ra1 Nb6 23.Nb3 a4 24.Nc5 Bf8 25.Nd3 Bd6 26.g5 Kg7 27.Ke2 f6 28.
gxf6+ Kxf6 29.b3 c5 30.c4 h5 31.Kd2 Rb8 32.Kc3 axb3 33.Ra3 g5 34.Rxb3 Ra8 
35.Ra3 Rxa3+ 36.Bxa3 g4 37.g3 Nd7 38.Kc2 Kg6 39.Kd2 h4 40.gxh4 Kh5 41.Ne1 
Kxh4 42.Ng2+ Kh3 43.Ne3 Be7 44.Nd5 Bh4 45.Ke2 c6 46.Nc3 Kg2 47.Nd1 Bg5 48.
Nc3 Kg1 49.Nd1 Kg2 50.Nc3 Nb6 51.Bxc5 Nxc4 52.Na2 Nd2 53.Nb4 Nxe4 54.Ba7 
Nc3+ 55.Kd3 Nb5 56.Bb8 c5 57.Nd5 Kxf2 58.Bxe5 Nd4 59.Bd6 Ne6 60.Ke4 g3 61.
Kf5 Nd4+ 62.Ke4 Nb3 63.Bxg3+ Kxg3 64.Nb6 Be7 65.Kd5 Kf3 66.Nd7 Ke3 67.Ne5 
Kd2 68.Kc4 Kc2 69.Ng6 Bg5 70.Ne5 Be3 71.Ng4 0-1